Countries with the highest corporation tax rates - Statistics

General Stats
  • This quiz has been taken 35 times
  • The average score is 3 of 15
Answer Stats
Corporation Tax Rate Country % Correct
38.9% United States
90%
34.61% India
71%
55% United Arab Emirates
32%
35% Argentina
29%
35% Democratic Republic of the Congo
26%
35% Sudan
16%
35% Guinea
13%
35% Zambia
10%
40% Chad
6%
35% Equatorial Guinea
6%
35% Gabon
6%
35% Malta
6%
35% Guam
3%
39% Puerto Rico
3%
36% Suriname
3%
No matching quizzes found
Score Distribution
Percent of People with Each Score
Percentile by Number Answered
Your Score History
You have not taken this quiz